| 000 | 02138nam a2200577 i 4500 | ||
|---|---|---|---|
| 001 | 15620 | ||
| 003 | KOSZ 005 | ||
| 005 | 20200703125118.0 | ||
| 008 | 200703s1973 pl a f 100 0 pol | ||
| 015 | _aUWD 1973/7556 | ||
| 035 | _a991034187349705066 | ||
| 035 | _a(PL-WaBN)b19146176-48omnis_nlop | ||
| 035 | _ab19146176 | ||
| 035 | _a(OCoLC)750588358 | ||
| 035 | _a(PL)b0000001914617 | ||
| 035 | _a(EXLNZ-48OMNIS_NETWORK)9910344521105606 | ||
| 040 |
_aWA N _cWA N _dKOSZ 005/RW |
||
| 046 | _k1973 | ||
| 080 | _a621.9.06 | ||
| 080 | _a537.533 | ||
| 080 | _a539.12 | ||
| 080 | _a621.375.826 | ||
| 245 | 0 | 0 |
_aZastosowania wiązki elektronowej / _c[redaktor naukowy Marian Łukaszewicz]. |
| 260 |
_aWrocław : _bWydawnictwo Politechniki Wrocławskiej, _c1973. |
||
| 300 |
_a247 stron, [1] karta tablic : _bilustracje ; _c24 cm. |
||
| 336 |
_aTekst _btxt _2rdacontent |
||
| 337 |
_aBez urządzenia pośredniczącego _bn _2rdamedia |
||
| 338 |
_aWolumin _bnc _2rdacarrier |
||
| 380 | _aKsiążki | ||
| 380 | _aPublikacje naukowe | ||
| 388 | _a1901-2000 | ||
| 388 | _a1945-1989 | ||
| 490 | 1 |
_aPrace Naukowe Instytutu Technologii Elektronowej Politechniki Wrocławskiej. Konferencje ; _vnr 1 |
|
| 500 | _aNumer serii głównej 10. | ||
| 504 | _aBibliografia przy referatach. | ||
| 650 | 7 |
_aElektrony _2DBN |
|
| 650 | 7 |
_aLasery _2DBN |
|
| 650 | 7 | _aZastosowanie i wykorzystanie | |
| 650 | 7 |
_aObrabiarka _2DBN |
|
| 650 | 7 |
_aOptyka elektronowa _2DBN |
|
| 655 | 7 | _aMateriały konferencyjne | |
| 658 | _aFizyka i astronomia | ||
| 658 | _aInżynieria i technika | ||
| 700 | 1 |
_aŁukaszewicz, Marian _eRedakcja |
|
| 710 | 1 |
_aOficyna Wydawnicza Politechniki Wrocławskiej _4pbl |
|
| 830 | 0 |
_aPrace Naukowe Instytutu Technologii Elektronowej Politechniki Wrocławskiej _v10 |
|
| 830 | 0 |
_aPrace Naukowe Instytutu Technologii Elektronowej Politechniki Wrocławskiej. _pKonferencje _v1 |
|
| 856 |
_uhttp://koha.tu.koszalin.pl/cgi-bin/koha/opac-detail.pl?biblionumber=15620 _yKatalog online BPK |
||
| 942 |
_2UKD _cKS |
||
| 999 |
_c15620 _d15620 |
||